Óptica /
Guardado en:
| Autor Principal: | |
|---|---|
| Formato: | Libro |
| Idioma: | Spanish English |
| Publicado: |
Madrid :
Aguilar,
1963.
|
| Series: | Fundamentos de física ;
3 |
| Etiquetas: |
Agregar Etiqueta
Sin Etiquetas, Sea el primero en etiquetar este registro!
|
| LEADER | 00552nam a2200169 a 4500 | ||
|---|---|---|---|
| 001 | MAT.inmabb002471 | ||
| 008 | 040914s1963####sp#a###f######001#0#spa#d | ||
| 005 | 20130405171017.0 | ||
| 245 | 1 | 0 | |a Óptica / |c Francis W. Sears ; versión española de Albino Yusta Almarza. |
| 260 | |a Madrid : |b Aguilar, |c 1963. | ||
| 300 | |a xii, 385 p. : |b il. ; |c 21 cm. | ||
| 440 | 0 | |a Fundamentos de física ; |v 3 | |
| 500 | |a Traducción de: Optics. 3rd ed. | ||
| 100 | 1 | |a Sears, Francis Weston. | |
| 084 | |a 78-01 |2 msc2000 | ||
| 041 | 1 | |a spa |h eng | |
| 859 | |h 78 |i Se439 |p A-8133 |b BIB. MATEMATICA | ||
